Global issues in corporate law / (Record no. 1292)

000 -LEADER
fixed length control field 01253cam a22003615a 4500
001 - CONTROL NUMBER
control field 14583108
003 - CONTROL NUMBER IDENTIFIER
control field OSt
005 - DATE AND TIME OF LATEST TRANSACTION
control field 20140313173125.0
008 - FIXED-LENGTH DATA ELEMENTS--GENERAL INFORMATION
fixed length control field 061004s2006 mnu b 001 0 eng c
010 ## - LIBRARY OF CONGRESS CONTROL NUMBER
LC control number 2006283890
020 ## - INTERNATIONAL STANDARD BOOK NUMBER
International Standard Book Number 9780314159779
035 ## - SYSTEM CONTROL NUMBER
System control number (OCoLC)ocm72438478
040 ## - CATALOGING SOURCE
Original cataloging agency DLC
Transcribing agency DLC
Modifying agency DLC
042 ## - AUTHENTICATION CODE
Authentication code pcc
050 00 - LIBRARY OF CONGRESS CALL NUMBER
Classification number K1005.G48 2006
082 00 - DEWEY DECIMAL CLASSIFICATION NUMBER
Classification number 346/.066
Edition number 22
100 1# - MAIN ENTRY--PERSONAL NAME
Personal name Gevurtz, Franklin.
245 10 - TITLE STATEMENT
Title Global issues in corporate law /
Statement of responsibility, etc Franklin A. Gevurtz.
246 30 - VARYING FORM OF TITLE
Title proper/short title Corporate law
260 ## - PUBLICATION, DISTRIBUTION, ETC. (IMPRINT)
Place of publication, distribution, etc St. Paul, MN :
Name of publisher, distributor, etc Thomson/West,
Date of publication, distribution, etc c2006.
300 ## - PHYSICAL DESCRIPTION
Extent xix, 146 p. ;
Dimensions 24 cm.
440 #0 - SERIES STATEMENT/ADDED ENTRY--TITLE
Title American casebook series
490 1# - SERIES STATEMENT
Series statement Global issues series
504 ## - BIBLIOGRAPHY, ETC. NOTE
Bibliography, etc Includes bibliographical references and index.
520 ## - SUMMARY, ETC.
Summary, etc "This book is designed ... as a supplement ... to introduce ... students to corporate outside of the United States."--Preface, p. v.
650 #0 - SUBJECT ADDED ENTRY--TOPICAL TERM
Topical term or geographic name as entry element Corporation law.
650 #0 - SUBJECT ADDED ENTRY--TOPICAL TERM
Topical term or geographic name as entry element International business enterprises
General subdivision Law and legislation.
650 #0 - SUBJECT ADDED ENTRY--TOPICAL TERM
Topical term or geographic name as entry element Globalization.
830 #0 - SERIES ADDED ENTRY--UNIFORM TITLE
Uniform title Global issues series (St. Paul, Minn.)
906 ## - LOCAL DATA ELEMENT F, LDF (RLIN)
a 7
b cbc
c pccadap
d 2
e ncip
f 20
g y-gencatlg
942 ## - ADDED ENTRY ELEMENTS (KOHA)
Source of classification or shelving scheme
Koha item type Book
Holdings
Withdrawn status Lost status Source of classification or shelving scheme Damaged status Not for loan Home library Current library Shelving location Date acquired Total Checkouts Full call number Barcode Date last seen Date checked out Price effective from Koha item type
          Riara University Library Riara University Library General stack 13/03/2014 2 K1005.G48 2006 4460/14 21/04/2016 08/04/2016 13/03/2014 Book

Riara University Library,
P.O. Box 49940-00100,
Nairobi, Kenya.